| 000 -LEADER |
| fixed length control field |
00754nam a2200217Ia 4500 |
| 001 - CONTROL NUMBER |
| control field |
2190 |
| 003 - CONTROL NUMBER IDENTIFIER |
| control field |
GE_BSU |
| 005 - DATE AND TIME OF LATEST TRANSACTION |
| control field |
20221020144138.0 |
| 008 - FIXED-LENGTH DATA ELEMENTS--GENERAL INFORMATION |
| fixed length control field |
181216s1960ru xx |||||||||||||| ||rus|| |
| 040 ## - CATALOGING SOURCE |
| Transcribing agency |
GE_BSU |
| 041 ## - LANGUAGE CODE |
| Language code of text/sound track or separate title |
rus |
| 080 ## - UNIVERSAL DECIMAL CLASSIFICATION NUMBER |
| Universal Decimal Classification number |
09 А-68 |
| 100 ## - MAIN ENTRY--PERSONAL NAME |
| Personal name |
Амусин,И.Д. |
| 9 (RLIN) |
15390 |
| 245 ## - TITLE STATEMENT |
| Title |
Рукописи мертвого моря / |
| Statement of responsibility, etc. |
И.Д. Амусин,Отв.ред.С.И.Ковалев. |
| 264 ## - PRODUCTION, PUBLICATION, DISTRIBUTION, MANUFACTURE, AND COPYRIGHT NOTICE |
| Place of production, publication, distribution, manufacture |
Москва : |
| Name of producer, publisher, distributor, manufacturer |
Изд-во АНСССР, |
| Date of production, publication, distribution, manufacture, or copyright notice |
1960. |
| 300 ## - PHYSICAL DESCRIPTION |
| Extent |
271стр.: |
| Other physical details |
19 см. |
| 653 ## - INDEX TERM--UNCONTROLLED |
| keyword |
Рукописи мертвого моря |
| 653 ## - INDEX TERM--UNCONTROLLED |
| keyword |
მკვდარი ზღვის ხელნაწერები |
| 700 ## - ADDED ENTRY--PERSONAL NAME |
| Personal name |
Ковалев, С.И. |
| Relator term |
რედაქტორი |
| 9 (RLIN) |
15393 |
| 942 ## - ADDED ENTRY ELEMENTS (KOHA) |
| Koha item type |
წიგნი |
| Source of classification or shelving scheme |
|